[Event "CAN-op U2400"]
[Site "Montreal CAN"]
[Date "2014.07.23"]
[Round "6"]
[White "Oussedik, Elias"]
[Black "Reeve, Jeff"]
[Result "0-1"]
[WhiteElo "2100"]
[BlackElo "2245"]
[PlyCount "104"]
[EventDate "2014.07.19"]
[EventType "swiss"]
[EventRounds "9"]
[EventCountry "CAN"]

1. d4 Nf6 2. c4 g6 3. Nc3 Bg7 4. e4 d6 5. h3 O-O 6. Bg5 c5 7. d5 h6 8. Bf4 e6
9. Bd3 exd5 10. exd5 Re8+ 11. Nge2 Nh5 12. Bh2 Qg5 13. Kf1 Qe7 14. Qd2 Nd7 15.
Re1 Ne5 16. Ng3 Nf3 17. Rxe7 Nxd2+ 18. Ke2 Rxe7+ 19. Kxd2 Nf4 20. Nge4 Be5 21.
Nb5 Nxd3 22. Kxd3 Bf5 23. Bxe5 Bxe4+ 24. Kxe4 f5+ 25. Kf3 dxe5 26. a4 a6 27.
Nc3 b6 28. Ra1 Kf7 29. a5 Rb8 30. Na4 b5 31. Nxc5 bxc4 32. d6 Ree8 33. Ra4 Red8
34. d7 Rxb2 35. Rxc4 Rb5 36. Rc3 Ke7 37. g4 Kd6 38. Nxa6 e4+ 39. Kg3 Rxd7 40.
Rc8 Rxa5 41. Rg8 Ra3+ 42. Kg2 g5 43. gxf5 Ke5 44. Nc5 Re7 45. Rg6 Kxf5 46. Rxh6
Rc3 47. Na6 Re6 48. Rxe6 Kxe6 49. Nb4 Kd6 50. Kh2 Kc5 51. Na6+ Kb5 52. Nb8 Rc7
0-1

[Event "CAN-op U2400"]
[Site "Montreal CAN"]
[Date "2014.07.23"]
[Round "6"]
[White "Poulin, Mathieu"]
[Black "MacKinnon, Keith"]
[Result "0-1"]
[WhiteElo "1992"]
[BlackElo "2165"]
[PlyCount "96"]
[EventDate "2014.07.19"]
[EventType "swiss"]
[EventRounds "9"]
[EventCountry "CAN"]

1. d4 Nf6 2. c4 c5 3. Nf3 cxd4 4. Nxd4 e5 5. Nb5 d5 6. cxd5 Bc5 7. e3 O-O 8.
N5c3 e4 9. Bc4 Bf5 10. Nd2 Qe7 11. Nb3 Bd6 12. Nd4 Bg6 13. O-O Qc7 14. Be2
Bxh2+ 15. Kh1 Be5 16. f4 exf3 17. Bxf3 Qe7 18. Qe1 Na6 19. Ndb5 Nb4 20. Qf2
Rad8 21. Rd1 a6 22. Nd4 Nd3 23. Qh4 Nxd5 24. Qxe7 Nxe7 25. Kg1 Rd7 26. Nce2
Rfd8 27. a4 Nd5 28. Bxd5 Rxd5 29. Ra3 Nb4 30. Rf1 Bd3 31. Rf2 Rc8 32. Rc3 Rxc3
33. Nxc3 Rxd4 34. exd4 Bxd4 35. Nd1 Nd5 36. Kh1 Bxf2 37. Nxf2 Bc2 38. a5 f6 39.
Kg1 h5 40. Kf1 Kf7 41. Ke2 Ke6 42. Nd3 Kf5 43. Nc5 Be4 44. Nxb7 Nf4+ 45. Bxf4
Kxf4 46. Nc5 Bxg2 47. Nxa6 Kg3 48. Nc7 h4 0-1

[Event "CAN-op U2400"]
[Site "Montreal CAN"]
[Date "2014.07.23"]
[Round "6"]
[White "Shi, Diwen"]
[Black "Dehmel, Jens"]
[Result "1-0"]
[WhiteElo "1934"]
[BlackElo "2067"]
[PlyCount "67"]
[EventDate "2014.07.19"]
[EventType "swiss"]
[EventRounds "9"]
[EventCountry "CAN"]

1. e4 e5 2. Nf3 Nc6 3. Nc3 Nf6 4. Bb5 Bc5 5. Nxe5 Nxe5 6. d4 Bd6 7. f4 Nc6 8.
e5 Bb4 9. exf6 Qxf6 10. a3 Bxc3+ 11. bxc3 O-O 12. O-O d5 13. f5 a6 14. Be2 Ne7
15. Rb1 Qc6 16. Qd3 f6 17. c4 Rd8 18. c3 dxc4 19. Qxc4+ Qxc4 20. Bxc4+ Kf8 21.
g4 b5 22. Be2 Bb7 23. a4 Be4 24. Ra1 c6 25. Ba3 Kf7 26. axb5 axb5 27. Bxe7 Kxe7
28. Bxb5 cxb5 29. Rae1 Kd6 30. Rxe4 Re8 31. Rfe1 Rxe4 32. Rxe4 Ra3 33. Re3 Kd5
34. c4+ 1-0

[Event "CAN-op U2400"]
[Site "Montreal CAN"]
[Date "2014.07.23"]
[Round "6"]
[White "Singher, Jean-Pierre"]
[Black "Drkulec, Vladimir"]
[Result "1-0"]
[WhiteElo "2060"]
[BlackElo "1922"]
[PlyCount "97"]
[EventDate "2014.07.19"]
[EventType "swiss"]
[EventRounds "9"]
[EventCountry "CAN"]

1. Nf3 Nf6 2. d4 c5 3. e3 cxd4 4. exd4 g6 5. Bd3 Bg7 6. O-O O-O 7. Re1 d5 8. h3
Nc6 9. c3 Qc7 10. Bg5 h6 11. Bh4 Nh5 12. Nbd2 f5 13. c4 e5 14. cxd5 Nxd4 15.
Nxd4 exd4 16. Be7 Nf4 17. Bc4 Kh7 18. Rc1 Bd7 19. Qf3 g5 20. Bb3 Qa5 21. Nc4
Qxd5 22. Qxd5 Nxd5 23. Bxf8 Rxf8 24. Ne5 Be6 25. Nf3 Bf7 26. Rcd1 Nb4 27. Nxd4
Bxb3 28. axb3 Rf7 29. Re2 Kg6 30. Ne6 Bf6 31. Rd7 Rxd7 32. Nf8+ Kf7 33. Nxd7
Bd4 34. Rd2 Nc6 35. b4 b5 36. Nb8 Nxb8 37. Rxd4 Ke6 38. Rd8 Nc6 39. Rh8 Nxb4
40. Rxh6+ Kd5 41. Rf6 Ke5 42. Rg6 Nd3 43. Rxg5 Nxb2 44. g4 Kd4 45. Rxf5 b4 46.
g5 Nc4 47. g6 Nd6 48. Rf4+ Ke5 49. g7 1-0

[Event "CAN-op U2400"]
[Site "Montreal CAN"]
[Date "2014.07.23"]
[Round "6"]
[White "Sprumont, Oscar"]
[Black "Lopez Linares, Lizandro"]
[Result "1-0"]
[WhiteElo "1948"]
[BlackElo "2025"]
[PlyCount "81"]
[EventDate "2014.07.19"]
[EventType "swiss"]
[EventRounds "9"]
[EventCountry "CAN"]

1. Nf3 Nf6 2. c4 c5 3. g3 Nc6 4. d4 cxd4 5. Nxd4 d6 6. Bg2 Bd7 7. O-O a6 8. Nc3
e6 9. b3 Be7 10. Bb2 O-O 11. Nc2 Qc7 12. e4 Rac8 13. Qe2 Rfe8 14. Rfd1 Ne5 15.
Rac1 Bf8 16. Ne3 b6 17. Kh1 Qb8 18. f4 Ng6 19. Ng4 Nxg4 20. Qxg4 b5 21. cxb5
axb5 22. e5 b4 23. Ne4 d5 24. h4 Rxc1 25. Bxc1 dxe4 26. Rxd7 Qc8 27. Qd1 Qc6
28. Rd4 Bc5 29. Bxe4 Qb6 30. Rd3 Ne7 31. Qe2 Nc6 32. Be3 Rd8 33. Rxd8+ Nxd8 34.
Bxc5 Qxc5 35. Qd3 Qb6 36. Bxh7+ Kh8 37. Be4 g6 38. Qd6 Qa5 39. Qf8+ Kh7 40. h5
Qb6 41. h6 1-0

[Event "CAN-op U2400"]
[Site "Montreal CAN"]
[Date "2014.07.23"]
[Round "6"]
[White "Tremblay, Alain"]
[Black "Robidas, Francois"]
[Result "1-0"]
[WhiteElo "2045"]
[BlackElo "1935"]
[PlyCount "88"]
[EventDate "2014.07.19"]
[EventType "swiss"]
[EventRounds "9"]
[EventCountry "CAN"]

1. Nf3 d5 2. c4 e6 3. g3 c5 4. Bg2 Nf6 5. O-O Nc6 6. e3 Be7 7. b3 O-O 8. Bb2
Re8 9. cxd5 exd5 10. d4 cxd4 11. Nxd4 Bg4 12. Nxc6 bxc6 13. Qd4 Qd7 14. Nc3 Bd6
15. Na4 Be5 16. Qd2 Bh3 17. Nc5 Qf5 18. Bd4 h5 19. f3 Bxg2 20. Kxg2 h4 21. g4
Qg5 22. Rae1 Re7 23. h3 Qg6 24. Qd3 Qxd3 25. Nxd3 Nd7 26. Nxe5 Nxe5 27. Rc1 Rc8
28. Rc3 Nd7 29. Kf2 c5 30. Rfc1 Rce8 31. Rxc5 Nxc5 32. Rxc5 Rd7 33. f4 f6 34.
b4 Kf7 35. Kf3 Ke6 36. Rc6+ Rd6 37. Rc7 Re7 38. Rxe7+ Kxe7 39. Bc5 Ke6 40. Bxd6
Kxd6 41. Ke2 g5 42. a4 Ke6 43. Kd3 Kd6 44. fxg5 fxg5 1-0

[Event "CAN-op U2400"]
[Site "Montreal CAN"]
[Date "2014.07.23"]
[Round "6"]
[White "Trottier, Emile"]
[Black "Pepin, Christian"]
[Result "1/2-1/2"]
[WhiteElo "2168"]
[BlackElo "1929"]
[PlyCount "95"]
[EventDate "2014.07.19"]
[EventType "swiss"]
[EventRounds "9"]
[EventCountry "CAN"]

1. e4 e6 2. d4 d5 3. e5 c5 4. c3 Nc6 5. Nf3 Bd7 6. a3 a5 7. Bd3 Nge7 8. O-O Nf5
9. dxc5 Nh4 10. Bf4 Bxc5 11. Nbd2 Ng6 12. Bg3 O-O 13. Qe2 f5 14. exf6 Qxf6 15.
Nb3 Ba7 16. Bd6 Rf7 17. Bxg6 Qxg6 18. Ne5 Nxe5 19. Bxe5 a4 20. Nd4 Rc8 21. f4
Rc4 22. Kh1 Bxd4 23. Bxd4 Bb5 24. Qe3 Qe4 25. Rf3 Qxe3 26. Rxe3 Rc6 27. Be5 g6
28. h4 Bc4 29. Rae1 Rf8 30. h5 d4 31. Bxd4 Rxf4 32. hxg6 hxg6 33. Rh3 b5 34.
Ree3 Rf5 35. Rh8+ Kf7 36. Rh7+ Ke8 37. Be5 Rh5+ 38. Rxh5 gxh5 39. Bd4 Kf7 40.
Rg3 e5 41. Bxe5 Rc5 42. Re3 Kg6 43. Kh2 Rd5 44. Bd4 Rf5 45. Re7 Rf1 46. Rg7+
Kf5 47. Rh7 Kg6 48. Rg7+ 1/2-1/2

[Event "CAN-op U2400"]
[Site "Montreal CAN"]
[Date "2014.07.23"]
[Round "6"]
[White "Twesigye, Derick"]
[Black "Yang, Michael"]
[Result "1/2-1/2"]
[WhiteElo "2023"]
[BlackElo "2184"]
[PlyCount "92"]
[EventDate "2014.07.19"]
[EventType "swiss"]
[EventRounds "9"]
[EventCountry "CAN"]

1. e4 c5 2. Nf3 e6 3. d4 cxd4 4. Nxd4 Nf6 5. Nc3 Bb4 6. Ndb5 Nc6 7. h3 Bxc3+ 8.
Nxc3 a6 9. Be2 Qc7 10. O-O O-O 11. Be3 d6 12. f4 b5 13. Bf3 Bb7 14. Qd2 Na5 15.
Qf2 Nc4 16. Bc1 Rac8 17. Rd1 Rfd8 18. Rd3 d5 19. exd5 Nxd5 20. Nxd5 Bxd5 21.
Bxd5 Rxd5 22. Rxd5 exd5 23. Qd4 Qe7 24. Bd2 Qe2 25. Bc3 Qe3+ 26. Kf1 Qxd4 27.
Bxd4 Nd2+ 28. Ke2 Rxc2 29. Kd3 Rc4 30. Kxd2 Rxd4+ 31. Ke3 Re4+ 32. Kf3 f6 33.
Rd1 Rc4 34. Rxd5 Rc2 35. Rd8+ Kf7 36. Ra8 Rxb2 37. Rxa6 Kg6 38. a3 Rb3+ 39. Kg4
h5+ 40. Kh4 Kf5 41. a4 Kxf4 42. axb5 Rxb5 43. Ra4+ Ke3 44. Ra3+ Kf2 45. Ra2+
Ke3 46. Ra3+ Kd4 1/2-1/2

[Event "CAN-op U2400"]
[Site "Montreal CAN"]
[Date "2014.07.23"]
[Round "6"]
[White "Van Hoolandt, Patrick"]
[Black "Holliman, Robert"]
[Result "1-0"]
[WhiteElo "2236"]
[BlackElo "1976"]
[PlyCount "55"]
[EventDate "2014.07.19"]
[EventType "swiss"]
[EventRounds "9"]
[EventCountry "CAN"]

1. d4 d5 2. c4 c6 3. cxd5 cxd5 4. Nf3 Nf6 5. Nc3 e6 6. Bf4 Be7 7. e3 O-O 8. Bd3
b6 9. O-O Bb7 10. h3 Nc6 11. Rc1 Rc8 12. Ne5 Nxe5 13. Bxe5 Nd7 14. Bh2 f5 15.
Nb5 a5 16. Nc7 Rf6 17. Qa4 Nb8 18. Rc2 Bd6 19. Bxd6 Qxd6 20. Ne8 Rxe8 21. Qxe8+
Rf8 22. Qh5 Bc6 23. f4 Be8 24. Qh4 Ba4 25. b3 Be8 26. Rfc1 Nc6 27. Bf1 Rf6 28.
Bb5 1-0

[Event "CAN-op U2400"]
[Site "Montreal CAN"]
[Date "2014.07.23"]
[Round "6"]
[White "Voloaca, Mihnea"]
[Black "Itkin, David"]
[Result "0-1"]
[WhiteElo "2227"]
[BlackElo "2096"]
[PlyCount "108"]
[EventDate "2014.07.19"]
[EventType "swiss"]
[EventRounds "9"]
[EventCountry "CAN"]

1. d4 Nf6 2. c4 g6 3. Nc3 Bg7 4. e4 d6 5. Nf3 O-O 6. Be2 e5 7. O-O exd4 8. Nxd4
Re8 9. f3 c6 10. Kh1 Nbd7 11. Nc2 Ne5 12. Rb1 Be6 13. Ne3 h5 14. h3 g5 15. Nf5
Bxf5 16. exf5 g4 17. f4 Ned7 18. hxg4 Ne4 19. f6 Ng3+ 20. Kh2 Nxf1+ 21. Bxf1
Nxf6 22. gxh5 Qa5 23. g4 Ne4 24. Nxe4 Rxe4 25. Bd2 Qb6 26. Kg2 Rae8 27. g5 c5
28. h6 Qc6 29. Kh2 Bd4 30. Qh5 d5 31. Bd3 R4e6 32. f5 Qd6+ 33. Kg2 Re3 34. Bxe3
Rxe3 35. Qg4 Rxd3 36. g6 fxg6 37. Qxg6+ Qxg6+ 38. fxg6 Be5 39. Re1 Rg3+ 40. Kf2
Rg5 41. Kf3 dxc4 42. a4 Kf8 43. Re2 b6 44. Re1 Bxb2 45. Re6 Bd4 46. Rd6 c3 47.
Rd8+ Ke7 48. Rxd4 Rxg6 49. Rh4 c2 50. h7 c1=Q 51. h8=Q Qd1+ 52. Ke3 Rg3+ 53.
Ke4 Qf3+ 54. Ke5 Rg5# 0-1

[Event "CAN-op U2400"]
[Site "Montreal CAN"]
[Date "2014.07.23"]
[Round "6"]
[White "Weber, Meikel"]
[Black "De Lagrave, Sylvain"]
[Result "1/2-1/2"]
[WhiteElo "2042"]
[BlackElo "1911"]
[PlyCount "98"]
[EventDate "2014.07.19"]
[EventType "swiss"]
[EventRounds "9"]
[EventCountry "CAN"]

1. e4 c5 2. Nf3 d6 3. d4 cxd4 4. Nxd4 Nf6 5. Nc3 a6 6. Be2 Nbd7 7. Nb3 b5 8. f3
Bb7 9. Be3 e6 10. Qd2 Be7 11. g4 Ne5 12. g5 Nfd7 13. f4 Nc4 14. Bxc4 bxc4 15.
Nd4 Nc5 16. Qg2 Qa5 17. Bd2 Qb6 18. Rb1 Nd3+ 19. cxd3 Qxd4 20. dxc4 Qxc4 21.
Qe2 Rc8 22. Rf1 O-O 23. b3 Qxe2+ 24. Kxe2 d5 25. exd5 exd5 26. Kf2 d4 27. Na4
Rc2 28. Rb2 Rfc8 29. Rxc2 Rxc2 30. Ke2 Bb4 31. Rd1 Bc8 32. Ke1 Bg4 33. Bxb4
Bxd1 34. Kxd1 Rxa2 35. h4 f5 36. Bd2 Kf7 37. Nc5 Ke7 38. Ke2 Kd6 39. Nd3 Ra1
40. Nc1 a5 41. Kd3 a4 42. Kxd4 axb3 43. Bb4+ Ke6 44. Nxb3 Rh1 45. Nc5+ Kf7 46.
Ke5 g6 47. Nb7 Rxh4 48. Nd8+ Ke8 49. Ne6 Kf7 1/2-1/2

[Event "CAN-op U2400"]
[Site "Montreal CAN"]
[Date "2014.07.23"]
[Round "6"]
[White "Zhu, Hong Rui"]
[Black "Berube, Antoine"]
[Result "1-0"]
[WhiteElo "2069"]
[BlackElo "2165"]
[PlyCount "37"]
[EventDate "2014.07.19"]
[EventType "swiss"]
[EventRounds "9"]
[EventCountry "CAN"]

1. e4 c5 2. Ne2 d6 3. g3 g6 4. Bg2 Bg7 5. c3 e5 6. d4 Ne7 7. Be3 Qc7 8. O-O O-O
9. Nd2 b6 10. f4 f6 11. fxe5 fxe5 12. Qb3+ Kh8 13. Rxf8+ Bxf8 14. Qf7 Nd7 15.
Bg5 Ba6 16. c4 exd4 17. Bxe7 Bg7 18. Nf4 Ne5 19. Qxg7+ 1-0

[Event "CAN-op U2400"]
[Site "Montreal CAN"]
[Date "2014.07.24"]
[Round "7"]
[White "Ang, Alan"]
[Black "Van Hoolandt, Patrick"]
[Result "0-1"]
[WhiteElo "2017"]
[BlackElo "2236"]
[PlyCount "84"]
[EventDate "2014.07.19"]
[EventType "swiss"]
[EventRounds "9"]
[EventCountry "CAN"]

1. e4 e5 2. Nf3 Nc6 3. Bb5 Nf6 4. O-O Nxe4 5. d4 Nd6 6. Bxc6 dxc6 7. dxe5 Nf5
8. Qxd8+ Kxd8 9. Nc3 Ke8 10. b3 Be7 11. h3 h5 12. Bb2 Be6 13. Ne4 a5 14. Nfg5
Rh6 15. f4 Ne3 16. Rf2 Rd8 17. Rf3 Nxc2 18. Nxe6 fxe6 19. Raf1 Nd4 20. R3f2 Rg6
21. Kh2 Nf5 22. Rf3 h4 23. Rc1 c5 24. Bc3 b6 25. Re1 Rd5 26. Nd2 Rg3 27. Ref1
Ne3 28. Rg1 Rd3 29. Ne4 Rxf3 30. gxf3 Nf5 31. Kg2 Kf7 32. Rc1 Ne3+ 33. Kf2 Rd1
34. Bd2 Rxc1 35. Bxc1 Nd5 36. Ng5+ Bxg5 37. fxg5 Kg6 38. f4 Nb4 39. Kf3 Nxa2
40. Bb2 Kf5 41. Ke3 Nb4 42. Bc1 Nd5+ 0-1

[Event "CAN-op U2400"]
[Site "Montreal CAN"]
[Date "2014.07.24"]
[Round "7"]
[White "Berube, Antoine"]
[Black "Twesigye, Derick"]
[Result "0-1"]
[WhiteElo "2165"]
[BlackElo "2023"]
[PlyCount "38"]
[EventDate "2014.07.19"]
[EventType "swiss"]
[EventRounds "9"]
[EventCountry "CAN"]

1. d4 Nf6 2. c4 g6 3. Nc3 Bg7 4. e4 d6 5. f3 O-O 6. Be3 c5 7. Nge2 Qa5 8. Qd2
Nc6 9. d5 Ne5 10. Nc1 a6 11. h3 Nh5 12. Bf2 f5 13. exf5 Rxf5 14. Be2 Nf4 15.
O-O Nxe2+ 16. Qxe2 Qb4 17. Re1 Qxc4 18. Qxc4 Nxc4 19. Rxe7 Nxb2 0-1

[Event "CAN-op U2400"]
[Site "Montreal CAN"]
[Date "2014.07.24"]
[Round "7"]
[White "Bouchard, Jean-Marc"]
[Black "Abreu Cordero, Jose"]
[Result "0-1"]
[WhiteElo "1925"]
[BlackElo "2069"]
[PlyCount "57"]
[EventDate "2014.07.19"]
[EventType "swiss"]
[EventRounds "9"]
[EventCountry "CAN"]

1. Nf3 d5 2. g3 c5 3. Bg2 Nc6 4. d4 e6 5. O-O Nf6 6. b3 cxd4 7. Nxd4 Bc5 8. Bb2
O-O 9. c4 Qb6 10. Nxc6 bxc6 11. Bxf6 gxf6 12. Nc3 Be7 13. Na4 Qa5 14. Rc1 Ba6
15. Qc2 Rac8 16. Rfd1 Kg7 17. c5 f5 18. Nb2 Rb8 19. Nd3 Qc7 20. b4 Rfe8 21. Nf4
Bg5 22. a3 Bxf4 23. gxf4 Qxf4 24. e3 Qg5 25. f4 Qf6 26. Qa4 Bb5 27. Qa5 Qb2 28.
Rb1 Qc3 29. Re1 {...} 0-1

[Event "CAN-op U2400"]
[Site "Montreal CAN"]
[Date "2014.07.24"]
[Round "7"]
[White "Boudreau, Daniel"]
[Black "Shi, Diwen"]
[Result "1-0"]
[WhiteElo "2066"]
[BlackElo "1934"]
[PlyCount "91"]
[EventDate "2014.07.19"]
[EventType "swiss"]
[EventRounds "9"]
[EventCountry "CAN"]

1. e4 c5 2. Nf3 d6 3. Bb5+ Bd7 4. Bxd7+ Qxd7 5. O-O Nc6 6. Qe2 Nf6 7. Rd1 Rc8
8. d4 cxd4 9. Nxd4 g6 10. Nf3 Qc7 11. b3 Bg7 12. Bb2 O-O 13. c4 a6 14. Nc3 Rfe8
15. Rac1 Qa5 16. a3 Nd7 17. Nd5 e6 18. Bxg7 Kxg7 19. Qb2+ Nde5 20. b4 Qd8 21.
Nxe5 dxe5 22. Ne3 Qf6 23. f3 Red8 24. c5 Rd4 25. Rxd4 exd4 26. Nc4 Ne5 27. Nd6
Nd3 28. Qd2 Nxc1 29. Nxc8 d3 30. Qxc1 Qd4+ 31. Kf1 d2 32. Qd1 Qd3+ 33. Kf2 f5
34. exf5 gxf5 35. g3 e5 36. Nd6 f4 37. Ne4 Qe3+ 38. Kg2 fxg3 39. hxg3 Qxa3 40.
Qxd2 Qb3 41. Qg5+ Kf8 42. Qf6+ Kg8 43. Qd8+ Kg7 44. Qe7+ Kg6 45. Qf6+ Kh5 46.
Qg5# 1-0

[Event "CAN-op U2400"]
[Site "Montreal CAN"]
[Date "2014.07.24"]
[Round "7"]
[White "Caluza, Severo"]
[Black "Forget, Luc"]
[Result "0-1"]
[WhiteElo "1725"]
[BlackElo "1998"]
[PlyCount "58"]
[EventDate "2014.07.19"]
[EventType "swiss"]
[EventRounds "9"]
[EventCountry "CAN"]

1. e4 e5 2. Nf3 Nc6 3. d4 exd4 4. Bc4 Bc5 5. Bg5 Nge7 6. Nbd2 d6 7. a3 Bg4 8.
b4 Bb6 9. h3 Bxf3 10. Qxf3 O-O 11. Qg3 Qd7 12. f4 Kh8 13. b5 Na5 14. Bd3 f6 15.
Bh4 Rae8 16. O-O c5 17. Qh2 Ng6 18. Bg3 Qf7 19. Be2 c4 20. Kh1 c3 21. Bh5 f5
22. exf5 Qxf5 23. Bxg6 Qxg6 24. f5 Rxf5 25. Nf3 Nc4 26. Rfe1 Rff8 27. Rxe8 Rxe8
28. Ne1 Ne3 29. Rc1 Nf1 0-1

[Event "CAN-op U2400"]
[Site "Montreal CAN"]
[Date "2014.07.24"]
[Round "7"]
[White "Chan, James"]
[Black "Chabot, Roland"]
[Result "1/2-1/2"]
[WhiteElo "2023"]
[BlackElo "2198"]
[PlyCount "116"]
[EventDate "2014.07.19"]
[EventType "swiss"]
[EventRounds "9"]
[EventCountry "CAN"]

1. e4 d6 2. d4 Nf6 3. Nc3 e5 4. Nge2 c6 5. g3 b5 6. Bg2 Nbd7 7. O-O Be7 8. h3
O-O 9. b3 Bb7 10. Bb2 b4 11. Nb1 c5 12. d5 a5 13. c4 bxc3 14. Nexc3 Ba6 15. Re1
Nb6 16. a4 c4 17. Na3 Nfd7 18. Bf1 cxb3 19. Bxa6 Rxa6 20. Qxb3 Nc5 21. Qc2 Qd7
22. Kg2 Rc8 23. Qe2 Raa8 24. Nab5 Rab8 25. Qd1 Nc4 26. Bc1 Na6 27. Rb1 Nb4 28.
Be3 Rb7 29. f3 Nxe3+ 30. Rxe3 Bd8 31. Re2 Bb6 32. Rc1 Rbb8 33. Na2 Na6 34. Rec2
Nc5 35. Rc4 Rf8 36. g4 Qe7 37. Nac3 g6 38. Ne2 f5 39. exf5 gxf5 40. gxf5 Rxf5
41. Rg4+ Kh8 42. Rcc4 Rbf8 43. Rg3 Qf6 44. Nec3 Rf4 45. Qe2 h5 46. Ne4 Nxe4 47.
Rxe4 Bc5 48. Nc7 Rg8 49. Rxg8+ Kxg8 50. Rxf4 Qg7+ 51. Rg4 hxg4 52. Ne6 gxh3+
53. Kxh3 Qh6+ 54. Kg4 Qg6+ 55. Ng5 Kg7 56. Qe4 Kf6 57. Qxg6+ Kxg6 58. Ne6 Bb4
1/2-1/2

[Event "CAN-op U2400"]
[Site "Montreal CAN"]
[Date "2014.07.24"]
[Round "7"]
[White "Currie, James"]
[Black "Lepine, Cedric"]
[Result "0-1"]
[WhiteElo "1987"]
[BlackElo "2113"]
[PlyCount "64"]
[EventDate "2014.07.19"]
[EventType "swiss"]
[EventRounds "9"]
[EventCountry "CAN"]

1. e4 Nf6 2. e5 Nd5 3. f4 d6 4. Nf3 Nxf4 5. d4 dxe5 6. Bxf4 exf4 7. Bc4 e6 8.
O-O Bd6 9. Nc3 O-O 10. h4 Nd7 11. Ne4 Nf6 12. Qd3 Ng4 13. Nfg5 g6 14. Rf3 h6
15. Nxd6 cxd6 16. Rxf4 d5 17. Bb3 e5 18. Rxf7 Rxf7 19. Qxg6+ Rg7 20. Bxd5+ Kh8
21. Nf7+ Rxf7 22. Qxf7 Bd7 23. Qh5 Qe8 24. Bf7 Qe7 25. Re1 Rf8 26. Bb3 e4 27.
c3 Qd6 28. Bf7 Qh2+ 29. Kf1 Qf4+ 30. Ke2 Rxf7 31. Kd1 Ne3+ 32. Rxe3 Bg4+ 0-1

[Event "CAN-op U2400"]
[Site "Montreal CAN"]
[Date "2014.07.24"]
[Round "7"]
[White "De Barberis, Massimo"]
[Black "Pepin, Christian"]
[Result "1-0"]
[WhiteElo "2070"]
[BlackElo "1929"]
[PlyCount "85"]
[EventDate "2014.07.19"]
[EventType "swiss"]
[EventRounds "9"]
[EventCountry "CAN"]

1. e4 e6 2. d4 d5 3. e5 c5 4. c3 Nc6 5. Nf3 Bd7 6. a3 a5 7. Bd3 Nge7 8. Be3 Qc7
9. Nbd2 c4 10. Bc2 a4 11. O-O Nf5 12. Bf4 Nce7 13. g4 Nh6 14. Ng5 b5 15. Nxh7
Ng6 16. Bxg6 fxg6 17. Nxf8 Rxf8 18. Bg5 Kf7 19. f4 Rh8 20. Kg2 Kg8 21. Kg3 Rf8
22. Nf3 Be8 23. Qc2 Qd7 24. Rf2 Rh7 25. Raf1 Qf7 26. Nh4 Rh8 27. h3 Nf5+ 28.
gxf5 gxf5 29. Rg2 Qd7 30. Kh2 Bh5 31. Rfg1 Rh7 32. Bf6 Rf7 33. Ng6 Bg4 34. Rxg4
fxg4 35. Rxg4 gxf6 36. exf6 Qe8 37. Ne7+ Kh8 38. Qg6 Rxe7 39. fxe7 Qxg6 40.
Rxg6 Rxe7 41. h4 Kh7 42. h5 Re8 43. Kg3 1-0

[Event "CAN-op U2400"]
[Site "Montreal CAN"]
[Date "2014.07.24"]
[Round "7"]
[White "De Kerpel, Stijn"]
[Black "Allard, Laurent"]
[Result "1-0"]
[WhiteElo "2183"]
[BlackElo "1945"]
[PlyCount "99"]
[EventDate "2014.07.19"]
[EventType "swiss"]
[EventRounds "9"]
[EventCountry "CAN"]

1. e4 c5 2. Nf3 d6 3. Bb5+ Bd7 4. Bxd7+ Qxd7 5. O-O Nf6 6. Re1 Nc6 7. c3 g6 8.
d4 cxd4 9. cxd4 Bg7 10. Nc3 O-O 11. Bg5 Rfd8 12. d5 Ne5 13. Nxe5 dxe5 14. Qf3
Ne8 15. Rad1 Nd6 16. b3 Rac8 17. Rc1 h6 18. Bd2 Rc7 19. Qd3 Rdc8 20. f3 h5 21.
a4 Kh7 22. Ne2 a6 23. Rxc7 Qxc7 24. Rc1 Qb6+ 25. Qe3 Qxe3+ 26. Bxe3 Bh6 27.
Bxh6 Kxh6 28. Kf2 Kg7 29. Rxc8 Nxc8 30. Ke3 Kf6 31. Kd3 Nd6 32. Nc3 e6 33. a5
exd5 34. Nxd5+ Ke6 35. b4 f5 36. Nc3 f4 37. Nd5 Nb5 38. h4 Nd4 39. Nxf4+ Kf7
40. Ne2 Nc6 41. Kc4 Ke6 42. Kc5 Kf6 43. g4 g5 44. hxg5+ Kxg5 45. gxh5 Kxh5 46.
f4 exf4 47. Nxf4+ Kg5 48. Nd3 Kf6 49. Kd6 Nd8 50. Kd7 1-0

[Event "CAN-op U2400"]
[Site "Montreal CAN"]
[Date "2014.07.24"]
[Round "7"]
[White "De Lagrave, Sylvain"]
[Black "Cohen, Lawrence"]
[Result "1/2-1/2"]
[WhiteElo "1911"]
[BlackElo "1922"]
[PlyCount "48"]
[EventDate "2014.07.19"]
[EventType "swiss"]
[EventRounds "9"]
[EventCountry "CAN"]

1. e4 c5 2. Nf3 e6 3. c3 d5 4. e5 Nc6 5. d4 Nge7 6. Na3 a6 7. Nc2 Ng6 8. h4 Be7
9. h5 Nf8 10. g3 Nd7 11. Bh3 Qc7 12. h6 g6 13. Bg5 Ndxe5 14. Bxe7 Nxf3+ 15.
Qxf3 Qxe7 16. dxc5 Bd7 17. b4 O-O-O 18. Qe3 e5 19. Bxd7+ Rxd7 20. a4 d4 21.
cxd4 Nxd4 22. Nxd4 exd4 23. Qxe7 Rxe7+ 24. Kd2 Rhe8 1/2-1/2

[Event "CAN-op U2400"]
[Site "Montreal CAN"]
[Date "2014.07.24"]
[Round "7"]
[White "Dehmel, Jens"]
[Black "Bates, Darren"]
[Result "1-0"]
[WhiteElo "2067"]
[BlackElo "1754"]
[PlyCount "109"]
[EventDate "2014.07.19"]
[EventType "swiss"]
[EventRounds "9"]
[EventCountry "CAN"]

1. d4 f5 2. g3 Nf6 3. Bg2 e6 4. Nf3 Be7 5. O-O O-O 6. c4 c6 7. Nc3 d5 8. Qc2
Qe8 9. Rb1 Qh5 10. b4 Nbd7 11. b5 c5 12. Rd1 cxd4 13. Nxd4 e5 14. Ne6 Ng4 15.
h3 Ndf6 16. Nxf8 Bxf8 17. hxg4 Nxg4 18. Nxd5 f4 19. gxf4 Bf5 20. e4 Bc5 21. Be3
Qh2+ 22. Kf1 Nxe3+ 23. Nxe3 Bh3 24. Bxh3 Qxh3+ 25. Ke2 exf4 26. Nd5 Bxf2 27.
Qd3 Bg3 28. Kd2 f3 29. Kc2 Qg2+ 30. Rd2 f2 31. Ne7+ Kf8 32. Nf5 Bf4 33. Rf1
Bxd2 34. Kxd2 Ke8 35. Ke2 Rd8 36. Nd6+ Ke7 37. c5 b6 38. Rxf2 Qg4+ 39. Qf3
Qxf3+ 40. Rxf3 bxc5 41. e5 Ke6 42. Ra3 Rd7 43. Nc8 Kxe5 44. Rxa7 Rd8 45. Ne7
Kd6 46. Nf5+ Kd5 47. Ne3+ Kd4 48. b6 Rb8 49. b7 c4 50. a4 h5 51. a5 Kc5 52. a6
Kb6 53. Ra8 Kc7 54. Rxb8 Kxb8 55. Nxc4 1-0

[Event "CAN-op U2400"]
[Site "Montreal CAN"]
[Date "2014.07.24"]
[Round "7"]
[White "Docheshmeh, Amir Mohammad"]
[Black "Destree, Frederic"]
[Result "1-0"]
[WhiteElo "1688"]
[BlackElo "1944"]
[PlyCount "65"]
[EventDate "2014.07.19"]
[EventType "swiss"]
[EventRounds "9"]
[EventCountry "CAN"]

1. d4 Nf6 2. Bf4 g6 3. e3 Bg7 4. Be2 O-O 5. Nf3 d6 6. h3 Nbd7 7. O-O Re8 8. c4
b6 9. Nc3 Bb7 10. Re1 e5 11. Bh2 e4 12. Nd2 a6 13. Qc2 Qe7 14. Bf4 h6 15. Bd1
Nf8 16. Qb1 g5 17. Bh2 Ng6 18. Bc2 g4 19. hxg4 Nxg4 20. Bg3 f5 21. f3 Nf6 22.
fxe4 Nh5 23. Bf2 Qg5 24. d5 f4 25. Nf3 Qg4 26. Bd1 fxe3 27. Bxe3 Ngf4 28. Qc2
Qg3 29. Qd2 Bxc3 30. bxc3 Kf7 31. Nd4 Rg8 32. Bf3 Rg5 33. Bxh5+ 1-0

[Event "CAN-op U2400"]
[Site "Montreal CAN"]
[Date "2014.07.24"]
[Round "7"]
[White "Doubleday, William"]
[Black "Bleau, John"]
[Result "1-0"]
[WhiteElo "2059"]
[BlackElo "1917"]
[PlyCount "47"]
[EventDate "2014.07.19"]
[EventType "swiss"]
[EventRounds "9"]
[EventCountry "CAN"]

1. d4 Nf6 2. c4 e6 3. Nc3 d5 4. Nf3 b6 5. cxd5 exd5 6. Bg5 Be7 7. e3 O-O 8. Bd3
h6 9. Bh4 Be6 10. O-O Nbd7 11. Rc1 c5 12. Bg3 Nh5 13. e4 Nxg3 14. hxg3 Nf6 15.
e5 Nd7 16. Re1 a6 17. Bb1 Re8 18. dxc5 Bxc5 19. Nxd5 Nf8 20. Be4 Rc8 21. a3
Bxf2+ 22. Kxf2 Rxc1 23. Qxc1 Bxd5 24. Rd1 1-0